| 000 | 00678nam a2200217 i 4500 | ||
|---|---|---|---|
| 001 | bg | ||
| 100 | _aBERGHAUSEN, Rain | ||
| 245 |
_aBesser Banking Online-Banking : _bBörsenerfolg per Mausklick / _cRainer Berghausen |
||
| 260 |
_aMünchen : _bFinanzBuch, _c2001. |
||
| 300 |
_a189 s. : _bwykr. ; _c23 cm. |
||
| 650 | 9 |
_aBanki _xautomatyzacja |
|
| 650 | 9 |
_aInternet _xstosowanie _xfinanse |
|
| 020 | _a3932114515 | ||
| 040 | _cBPK | ||
| 041 | 0 | _adeu | |
| 080 | _a336.71:004.738.5 | ||
| 920 | _a3-932114-51-5 | ||
| 942 | _cKS | ||
| 008 | s pl f |000 0 pol | ||
| 999 |
_c40465 _d40465 |
||
| 856 |
_uhttp://koha.tu.koszalin.pl/cgi-bin/koha/opac-detail.pl?biblionumber=40465 _yKatalog online BPK |
||